00330nam a22000977a 4500082001400000100001700014245011300031260006800144300000700212650001300219 a294.5 HIV aYeptho, Hivi aA Study on Spiritual Significance of Gaumata(Mother Cow): In Response to Religious and Political Ideology... aHenry Martyn Institute, HyderabadbHenry Martyn Institutec2021 a86 aHinduism